Những mẩu chuyện lý thú về các danh nhân thế giới
Đã lưu trong:
| Príomhúdar: | |
|---|---|
| Formáid: | Leabhar |
| Teanga: | Undetermined |
| Foilsithe: |
H.
Phụ Nữ
2004
|
| Ábhair: | |
| Clibeanna: |
Cuir Clib Leis
Gan Chlibeanna, Bí ar an gcéad duine leis an taifead seo a chlibeáil!
|
| Thư viện lưu trữ: | Trung tâm Học liệu Trường Đại học Cần Thơ |
|---|
| LEADER | 00577nam a2200205Ia 4500 | ||
|---|---|---|---|
| 001 | CTU_58922 | ||
| 008 | 210402s9999 xx 000 0 und d | ||
| 020 | |b 15000 | ||
| 082 | |a 895.922802 | ||
| 082 | |b T527/T1 | ||
| 100 | |a Vũ Bội Tuyền | ||
| 245 | 0 | |a Những mẩu chuyện lý thú về các danh nhân thế giới | |
| 245 | 0 | |c Vũ Bội Tuyền | |
| 260 | |a H. | ||
| 260 | |b Phụ Nữ | ||
| 260 | |c 2004 | ||
| 650 | |a celebrities | ||
| 650 | |x biography | ||
| 904 | |i Minh | ||
| 980 | |a Trung tâm Học liệu Trường Đại học Cần Thơ | ||